[Event "Zadar"]
[Site "Zadar"]
[Date "2023.07.09"]
[Round "3"]
[White "Lavrencic, Matic"]
[Black "Shivakumar, Shawnak"]
[Result "1/2-1/2"]
[WhiteElo "2350"]
[BlackElo "2387"]
[PlyCount "40"]
[EventDate "2023.07.08"]
[EventType "tourn"]
[EventRounds "9"]
[EventCountry "CRO"]
[EventCategory "6"]
[SourceTitle "EXT 2024"]
[Source "ChessBase"]
[SourceDate "2023.10.10"]
[SourceVersion "1"]
[SourceVersionDate "2023.10.10"]
[SourceQuality "1"]

1. e4 e5 2. Nf3 Nc6 3. Bb5 a6 4. Ba4 Bc5 5. c3 Nge7 6. 0-0 Ng6 7. d4 Ba7 8. Bg5 f6 9. Be3 0-0 10. Nbd2 Kh8 11. Re1 d6 12. Bc2 Bd7 13. h3 Qc8 14. Nf1 f5 15. exf5 Bxf5 16. Bxf5 Qxf5 17. Ng3 Qf6 18. Ne4 Qf5 19. Ng3 Qf6 20. Ne4 Qf5 1/2-1/2

[Event "Zadar"]
[Site "Zadar"]
[Date "2023.07.08"]
[Round "1"]
[White "Delchev, Aleksander"]
[Black "Shivakumar, Shawnak"]
[Result "1-0"]
[WhiteElo "2513"]
[BlackElo "2387"]
[PlyCount "130"]
[EventDate "2023.07.08"]
[EventType "tourn"]
[EventRounds "9"]
[EventCountry "CRO"]
[EventCategory "6"]
[SourceTitle "EXT 2024"]
[Source "ChessBase"]
[SourceDate "2023.10.10"]
[SourceVersion "1"]
[SourceVersionDate "2023.10.10"]
[SourceQuality "1"]

1. c4 c6 2. Nf3 d5 3. e3 Nf6 4. Nc3 e6 5. b3 Nbd7 6. Qc2 Bd6 7. Bb2 a6 8. d4 b5 9. Be2 Qe7 10. 0-0 0-0 11. Rad1 dxc4 12. bxc4 e5 13. Nd2 Bb7 14. Bf3 Ra7 15. Nce4 Bb8 16. Nxf6+ Nxf6 17. dxe5 Bxe5 18. Bxe5 Qxe5 19. Ne4 c5 20. Nxf6+ Qxf6 21. Bxb7 Rxb7 22. Rd5 Rc8 23. Rfd1 g6 24. Rd6 Qe5 25. g3 a5 26. R1d5 Qa1+ 27. Kg2 bxc4 28. Rd1 Qe5 29. Qxc4 Rb4 30. Qa6 Qe4+ 31. Kg1 Ra8 32. Qc6 Qxc6 33. Rxc6 Rb2 34. a4 Ra2 35. Rd7 Rxa4 36. Rcc7 Rf8 37. Rxc5 Ra1+ 38. Kg2 Ra8 39. Rcc7 Rf8 40. Ra7 a4 41. g4 Kg7 42. h4 h6 43. Rd4 a3 44. Rd3 Rb8 45. Raxa3 Rxa3 46. Rxa3 Rb4 47. Kg3 Rc4 48. Ra5 Rb4 49. f4 Rb1 50. h5 gxh5 51. Rxh5 Rg1+ 52. Kf3 Rf1+ 53. Ke4 Kg6 54. Ra5 Re1 55. Ra6+ Kg7 56. Rd6 Re2 57. Kf3 Rb2 58. Rd3 Rb4 59. e4 Rb1 60. e5 Rg1 61. Rd2 Kg8 62. Rd8+ Kg7 63. Rd7 Kg8 64. Rd2 Kg7 65. Ra2 Kg8 1-0

[Event "Vojvodina op 13th"]
[Site "Novi Sad"]
[Date "2023.06.29"]
[Round "1"]
[White "Shivakumar, Shawnak"]
[Black "Sudarshan, Bhat"]
[Result "1-0"]
[WhiteElo "2387"]
[BlackElo "1988"]
[PlyCount "73"]
[EventDate "2023.06.29"]
[EventType "swiss"]
[EventRounds "9"]
[EventCountry "SRB"]
[SourceTitle "CBM 215 Extra"]
[Source "ChessBase"]
[SourceDate "2023.09.30"]
[SourceVersion "1"]
[SourceVersionDate "2023.09.30"]
[SourceQuality "1"]

1. d4 Nf6 2. Bf4 d5 3. e3 c5 4. Nf3 Nc6 5. Nbd2 cxd4 6. exd4 Bg4 7. c3 Qb6 8. Qb3 Qxb3 9. axb3 Bd7 10. h3 e6 11. b4 Ne7 12. Bd3 Ng6 13. Bh2 Nh5 14. Nb3 Nhf4 15. Bf1 Bd6 16. Nc5 Bc8 17. Bb5+ Ke7 18. 0-0 Bxc5 19. bxc5 Bd7 20. Bxd7 Kxd7 21. Ra3 f6 22. Rfa1 a6 23. Rb3 Kc7 24. h4 Kc8 25. g3 Nh5 26. Re1 Re8 27. Rb6 e5 28. g4 Nhf4 29. h5 Nh3+ 30. Kf1 Ngf4 31. dxe5 Nd3 32. Re2 fxe5 33. Nxe5 Nxc5 34. Rd6 Ne4 35. Rxd5 Nexf2 36. Nc4 Rf8 37. Nb6# 1-0